| 000 | 00513nam a22001817a 4500 | ||
|---|---|---|---|
| 005 | 20251127124035.0 | ||
| 008 | 251124b |||||||| |||| 00| 0 eng d | ||
| 020 | _a978-81-932985-3-4 | ||
| 041 | _aeng | ||
| 082 | _a615.32 BAS-I | ||
| 100 |
_aBASHIR, DR. PATHAN INAYAT AND SETTY, DR. C. MALLIK ARJUNA _98781 |
||
| 245 | _aINTRODUCTION TO NOVEL DRUG DELIVERY SYSTEMS | ||
| 250 | _a1ST ED, 2018 | ||
| 260 |
_aHYDERSBAD _bTAURUS PUBLISHERS |
||
| 300 | _a157;P | ||
| 650 |
_aPHARMACY _xB.PHARMA |
||
| 942 | _cBK | ||
| 999 |
_c8958 _d8956 |
||